| 000 -LEADER |
| fixed length control field |
00628nam a2200145 a 4500 |
| 008 - FIXED-LENGTH DATA ELEMENTS--GENERAL INFORMATION |
| fixed length control field |
940722s1950 pauac 000 0 eng d |
| 100 ## - MAIN ENTRY--AUTHOR'S NAME |
| Author's Name |
National Philatelic Museum |
| 245 14 - TITLE STATEMENT |
| Title |
The sixteenth American Philatelic Congress : |
| Remainder of title |
National Philatelic Museum : exhibition, October 15th to November 15th, seminar, October 23, 24, 25, 26, convention October 27, 28, 29, 1950. |
| 260 ## - PUBLICATION, DISTRIBUTION, ETC. (IMPRINT) |
| Place of publication, distribution, etc. |
Philadelphia : |
| Name of publisher, distributor, etc. |
The Museum, [1950] |
| 490 0# - SERIES STATEMENT |
| Series statement |
National Philatelic Museum ; |
| Volume/sequential designation |
v. 2, no. 8 |
| 650 #0 - TOPICAL TERM (Tag) |
| Topical term or geographic name |
Stamp collecting |
| Geographic subdivision |
United States |
| 650 #0 - TOPICAL TERM (Tag) |
| Topical term or geographic name |
Philatelic Congress |
| 650 #0 - TOPICAL TERM (Tag) |
| Topical term or geographic name |
Stamp collectors |
| Geographic subdivision |
United States |